000 00331nam a22001217a 4500
020 _a3540577300
082 _222
_a005.7
100 _aTravis, brain E and Waldt, Dale C.
245 _aThe SGML implementation guide /
260 _aNew York,
_bJohn Wiley and Sons,
_cc1995.
300 _axxvi, 522p. ;
_bill. ;
_c24 cm.
942 _2ddc
_cIT
999 _c1886
_d1886